000 00572nam a2200193Ia 4500
003 GCL
008 140319s9999 xx 000 0 eng d
040 _aGCL /
_cGCL
082 0 4 _a944.082
_bB H
100 1 _aBEDARIDA, FRANCOIS
245 1 0 _aL'HISTOIRE ET LE METIER D'HISTORIEN EN FRANCE 1945 - 1995 /
_cBEDARIDA, FRANCOIS
700 1 _aAYMARD, MAURICE
260 _a[S.N] :
_bEDITIONS DE LA MAISON DES SCEINCE DE L'H ،
_c1995
300 _a437 P
650 0 4 _aFRANCE - HISTORY
650 0 4 _aHISTORY
650 0 4 _aFRANCE - HISTORY - 1945 - 1995
942 _2ddc
_cBK
999 _c16420
_d16420